Graphic science : engineering drawing descriptive geometry graphical solutions (Record no. 64920)

000 -LEADER
fixed length control field 00482nam a22001697a 4500
003 - CONTROL NUMBER IDENTIFIER
control field NUST - PNEC
005 - DATE AND TIME OF LATEST TRANSACTION
control field 20170116180900.0
008 - FIXED-LENGTH DATA ELEMENTS--GENERAL INFORMATION
fixed length control field 150901b xxu||||| |||| 00| 0 eng d
020 ## - INTERNATIONAL STANDARD BOOK NUMBER
International Standard Book Number -
040 ## - CATALOGING SOURCE
Transcribing agency LIBRARY
082 ## - DEWEY DECIMAL CLASSIFICATION NUMBER
Classification number 604.24 FRE
100 ## - MAIN ENTRY--PERSONAL NAME
9 (RLIN) 6225
Personal name French, Thomas E.
245 ## - TITLE STATEMENT
Title Graphic science : engineering drawing descriptive geometry graphical solutions
Statement of responsibility, etc. Thomas E. French
260 ## - PUBLICATION, DISTRIBUTION, ETC.
Place of publication, distribution, etc. New York:
Date of publication, distribution, etc. 1958
650 ## - SUBJECT ADDED ENTRY--TOPICAL TERM
9 (RLIN) 6228
Topical term or geographic name entry element Mechanical drawing
General subdivision ME
942 ## - ADDED ENTRY ELEMENTS (KOHA)
Source of classification or shelving scheme
Koha item type Book
Holdings
Withdrawn status Lost status Source of classification or shelving scheme Damaged status Not for loan Permanent Location Current Location Shelving location Date acquired Total Checkouts Full call number Barcode Date last seen Price effective from Koha item type
          Pakistan Navy Engineering College (PNEC) Pakistan Navy Engineering College (PNEC)       604.24 FRE PNECLIB-000983 09/01/2015   Book
© 2023 Central Library, National University of Sciences and Technology. All Rights Reserved.